000 01468nam0a2200325 4500
001 RU\NLR\BIBL_A\011837208
005 20181217170943.0
010 _a978-5-4386-1453-1
021 _aRU
_bКН-П-18-072783
_9КН-П-18-5252
035 _a(NLR Aleph) 011837208
035 _a(RuMoRGB)009757437
090 _a12037702
_c12037702
100 _a20181024d2017 k y0rusy50 ca
101 0 _arus
102 _aRU
105 _aac||z|||000zd
200 1 _aБиографические вариации
_fЕлена Сидорова
210 _aСанкт-Петербург
_cСвое издательство
_d2017
215 _a94 с.
_cил., портр.
_d22
300 _aНа обороте тит. л. авт.: Елена Сидорова - балерина, актриса, хореограф-постановщик
600 1 _aСидорова
_bЕ.Ю.
_gЕлена Юрьевна
_jВоспоминания, записки и т.п
_92218372
_3RU\NLR\AUTH\6601565565
606 1 _aМузыкальный театр
_jВоспоминания, записки и т.п
_yСССР
_91709746
_3RU\NLR\AUTH\66761897
686 1 _aЩ335.423(2Р=Рус)7-86Сидорова
686 1 _aЩ335.3(2Р)7
700 1 _aСидорова
_bЕ. Ю.
_cбалерина, писатель
_gЕлена Юрьевна
_9140993
_3RU\NLR\AUTH\770141029
942 _cBOOK
980 _aNBR
980 _aNB